00896cam a2200217 a 450000100100000000500170001000800410002704000180006808200210008610000280010724500830013526000560021830000280027450400540030265100430035665100530039965100530045291000340050595201240053999900150066300000596120200929151848.0920727s1987 mx a b 000 0 spa  aDO-SdBNPcDLC a972.85053bA481s1 aAmador, Armando.91679610aSandino y la derrota militar de Estados Unidos en Nicaragua /cArmando Amador. aMéxico :bFederación Editorial Mexicana,c1987. a155 p. :bil. ;c21 cm. aIncluye referencias bibliográficas: p. 153-155) 4aNicaraguaxHistoriay1909-1937.916797 4aNicaraguaxRelaciones ConzEstados Unidos916798 4aEstados UnidosxRelaciones ConzNicaragua916799 aCatalogación por copia / LC 001052708MOaGRbGRcCTd2009-08-24iLF1l0o972.85053 A481sp5961-10r2020-06-25w2020-06-25y2ZPréstamo interno c5757d5757